Calculus / (Record no. 277)

MARC details
000 -LEADER
fixed length control field 00557nam a22002057a 4500
005 - DATE AND TIME OF LATEST TRANSACTION
control field 20250420134803.0
008 - FIXED-LENGTH DATA ELEMENTS--GENERAL INFORMATION
fixed length control field 191217b ||||| |||| 00| 0 eng d
020 ## - INTERNATIONAL STANDARD BOOK NUMBER
International Standard Book Number 9781305266728
040 ## - CATALOGING SOURCE
Transcribing agency KCST
082 ## - DEWEY DECIMAL CLASSIFICATION NUMBER
Classification number 515
Item number St Ca
100 ## - MAIN ENTRY--PERSONAL NAME
Personal name Stewart, James
9 (RLIN) 993
245 ## - TITLE STATEMENT
Title Calculus /
Statement of responsibility, etc. James Stewart
250 ## - EDITION STATEMENT
Edition statement Metric version, 8th ed.
260 ## - PUBLICATION, DISTRIBUTION, ETC.
Place of publication, distribution, etc. Australia:
Name of publisher, distributor, etc. Cengage Learning;
Date of publication, distribution, etc. 2016.
300 ## - PHYSICAL DESCRIPTION
Extent 1 volume (various pagings) :
Other physical details illustrations ;
Dimensions 26 cm
650 ## - SUBJECT ADDED ENTRY--TOPICAL TERM
Topical term or geographic name entry element Mathematics.
9 (RLIN) 408
650 ## - SUBJECT ADDED ENTRY--TOPICAL TERM
Topical term or geographic name entry element Calculus.
9 (RLIN) 994
942 ## - ADDED ENTRY ELEMENTS (KOHA)
Koha item type Book
942 ## - ADDED ENTRY ELEMENTS (KOHA)
Source of classification or shelving scheme Dewey Decimal Classification
Holdings
Withdrawn status Lost status Source of classification or shelving scheme Damaged status Not for loan Home library Current library Date acquired Source of acquisition Cost, normal purchase price Total checkouts Full call number Barcode Date last seen Price effective from Koha item type
    Dewey Decimal Classification     KCST Library KCST Library 17/12/2019 KCST/FIN/PROC/LIB/001/16-17 24.50   515 St Ca 1000000222 17/12/2019 17/12/2019 Book
    Dewey Decimal Classification     KCST Library KCST Library 17/12/2019 KCST/FIN/PROC/LIB/001/16-17 24.50   515 St Ca 1000000352 17/02/2020 17/12/2019 Book
© 2025 KCST. All rights reserved